000 00331 a2200157 4500
001 14340
020 _a9788589059213
040 _cAnchieta - Aquarius
100 _aGuerra, Enéas
240 1 0 _aVaporzinho
_lpor
245 1 0 _aVaporzinho
300 _a36
362 0 _a2009
650 4 _aLiteratura infanto-juvenil
942 _cBK
999 _c14340
_d14340